Statistics for F1 Season: 1969 Race Winners

Click here to take the quiz!

General Stats

  • This quiz has been taken 24 times
  • The average score is 10 of 11

Answer Stats

Grand PrixDriver% Correct
South AfricanJackie Stewart
100%
SpanishJackie Stewart
100%
DutchJackie Stewart
100%
FrenchJackie Stewart
100%
BritishJackie Stewart
100%
ItalianJackie Stewart
100%
MonacoGraham Hill
74%
GermanJacky ickx
74%
CanadianJacky Ickx
74%
United StatesJochen Rindt
74%
MexicanDenny Hulme
68%

Score Distribution

Percentile by Number Answered

Percent of People with Each Score

Your Score History

You have not taken this quiz